[Event "37th ECC Open 2022"]
[Site "Mayrhofen AUT"]
[Date "2022.10.07"]
[Round "5.3"]
[Board "2"]
[White "Kryvoruchko, Yuriy"]
[Black "Saric, Ivan"]
[Result "1-0"]
[WhiteTitle "GM"]
[BlackTitle "GM"]
[WhiteElo "2658"]
[BlackElo "2668"]
[WhiteTeam "Schachclub Viernheim 1934e.V."]
[BlackTeam "TAJFUN - SK Ljubljana"]
[WhiteFideId "14109182"]
[BlackFideId "14508150"]
[EventDate "2022.10.03"]

1. e4 c5 2. Nf3 d6 3. Bb5+ Bd7 4. Bxd7+ Qxd7 5. c4 Nc6 6. Nc3 g6 7. d4 cxd4 8.
Nxd4 Nf6 9. f3 Bg7 10. Be3 O-O 11. O-O a6 12. Qd3 Rab8 13. Nxc6 bxc6 14. b3 Qc7
15. Rac1 Nd7 16. Na4 Ne5 17. Qd2 c5 18. Bh6 Bxh6 19. Qxh6 f5 20. Nc3 Qd7 21.
Rcd1 Rf7 22. exf5 Rxf5 23. Ne4 Nf7 24. Qe3 a5 25. Rfe1 Qb7 26. f4 h5 27. Ng3 Rf6
28. Ne4 Rf5 29. Nc3 Re8 30. Qe6 Kg7 31. Nd5 Rb8 32. Nxe7 Rf6 33. Qe3 Kh7 34. Nd5
Rf5 35. Qc3 1-0

[Event "37th ECC Open 2022"]
[Site "Mayrhofen AUT"]
[Date "2022.10.07"]
[Round "5.3"]
[Board "3"]
[White "Nihal, Sarin"]
[Black "Kuzubov, Yuriy"]
[Result "1/2-1/2"]
[WhiteTitle "GM"]
[BlackTitle "GM"]
[WhiteElo "2673"]
[BlackElo "2612"]
[WhiteTeam "TAJFUN - SK Ljubljana"]
[BlackTeam "Schachclub Viernheim 1934e.V."]
[WhiteFideId "25092340"]
[BlackFideId "14112906"]
[EventDate "2022.10.03"]

1. e4 e5 2. Nf3 Nc6 3. Bb5 Nf6 4. d3 d6 5. c3 g6 6. O-O Bg7 7. Re1 O-O 8. Nbd2
a6 9. Ba4 Re8 10. Nf1 b5 11. Bc2 a5 12. a4 b4 13. Bg5 h6 14. Bxf6 Bxf6 15. Ne3
Rb8 16. Bb3 Bg7 17. h4 Rf8 18. g3 Kh8 19. h5 g5 20. Rc1 Bd7 21. Bc2 Qc8 22. Nd2
Ne7 23. Ndc4 f5 24. Nxf5 Nxf5 25. exf5 Bxf5 26. Ne3 Bh7 27. d4 e4 28. Qd2 Qe8
29. Bd1 c5 30. dxc5 dxc5 31. Qd6 Rc8 32. Bg4 Rc6 33. Qd7 Qxd7 34. Bxd7 Rd6 35.
Bb5 Rd2 36. Re2 Rxe2 37. Bxe2 Bg8 38. Bc4 bxc3 39. bxc3 Rb8 40. Bxg8 Kxg8 41.
Nf5 Rb3 42. Re1 Bxc3 43. Rxe4 Rb6 44. Kg2 Kf8 45. Kf3 Bb4 46. Ke2 Ba3 47. g4
Rb2+ 48. Kd3 Rxf2 49. Nxh6 Bb4 50. Nf5 Kf7 51. h6 Rh2 52. Kc4 Kg6 53. Re6+ Kh7
54. Re7+ Kh8 55. Re8+ Kh7 56. Re7+ Kh8 57. Kb5 Rh1 58. Re4 Kh7 59. Re7+ Kh8 60.
Rc7 Rg1 61. Nd6 Rh1 62. Rc6 Kh7 63. Ne4 Rxh6 64. Nxg5+ Kg7 65. Rxh6 Kxh6 66. Ne4
Kg6 67. Nxc5 Kg5 68. Nb3 Kxg4 69. Nxa5 Be1 70. Nc4 Kf5 71. a5 Bxa5 72. Nxa5 1/2-1/2

[Event "37th ECC Open 2022"]
[Site "Mayrhofen AUT"]
[Date "2022.10.07"]
[Round "5.3"]
[Board "4"]
[White "Fedorchuk, Sergey A."]
[Black "Volokitin, Andrei"]
[Result "0-1"]
[WhiteTitle "GM"]
[BlackTitle "GM"]
[WhiteElo "2619"]
[BlackElo "2645"]
[WhiteTeam "Schachclub Viernheim 1934e.V."]
[BlackTeam "TAJFUN - SK Ljubljana"]
[WhiteFideId "14102536"]
[BlackFideId "14107090"]
[EventDate "2022.10.03"]

1. e4 c5 2. Nf3 d6 3. Bb5+ Nd7 4. a4 Nf6 5. Nc3 a6 6. Be2 g6 7. a5 Bg7 8. O-O
O-O 9. d3 b5 10. axb6 Nxb6 11. Nd2 a5 12. Nc4 Nxc4 13. dxc4 Bb7 14. Qd3 Bc6 15.
f4 Qc7 16. Bf3 Rfd8 17. Rd1 a4 18. Kh1 h5 19. h3 Qb7 20. Bd2 Nd7 21. Ra2 Nf8 22.
Ne2 Bxb2 23. Rb1 a3 24. Bc3 Rdb8 25. Bxb2 axb2 26. Raxb2 Qa7 27. Rxb8 Rxb8 28.
Rf1 Rb2 29. Nc3 Qb7 30. f5 h4 31. Bg4 g5 32. f6 Ng6 33. Qe3 Rxc2 34. Qxg5 Rxc3
35. Be6 Rg3 36. Qh6 exf6 37. Rxf6 Qb1+ 38. Kh2 Rxg2+ 39. Kxg2 Bxe4+ 40. Kf2 Qb2+ 0-1

[Event "37th ECC Open 2022"]
[Site "Mayrhofen AUT"]
[Date "2022.10.07"]
[Round "5.3"]
[Board "5"]
[White "Predojevic, Borki"]
[Black "Wagner, Dennis"]
[Result "1/2-1/2"]
[WhiteTitle "GM"]
[BlackTitle "GM"]
[WhiteElo "2584"]
[BlackElo "2570"]
[WhiteTeam "TAJFUN - SK Ljubljana"]
[BlackTeam "Schachclub Viernheim 1934e.V."]
[WhiteFideId "930849"]
[BlackFideId "24650684"]
[EventDate "2022.10.03"]

1. e4 c5 2. Nf3 d6 3. Bb5+ Nd7 4. O-O a6 5. Bd3 Ngf6 6. Re1 e6 7. c3 b5 8. Bc2
c4 9. a4 Bb7 10. axb5 axb5 11. Rxa8 Qxa8 12. Na3 Bxe4 13. Bxe4 Nxe4 14. d3 cxd3
15. Nxb5 Qb7 16. c4 d5 17. cxd5 Qxb5 18. Rxe4 Nc5 19. Rd4 Nb3 20. Rxd3 Nxc1 21.
Qxc1 Qxd3 22. Qc8+ Ke7 23. Qc7+ Ke8 24. Qc8+ Ke7 25. Qc7+ Ke8 26. Qb8+ Ke7 27.
Qc7+ 1/2-1/2

[Event "37th ECC Open 2022"]
[Site "Mayrhofen AUT"]
[Date "2022.10.07"]
[Round "5.3"]
[Board "6"]
[White "Tarlev, Konstantin"]
[Black "Markus, Robert"]
[Result "1-0"]
[WhiteTitle "GM"]
[BlackTitle "GM"]
[WhiteElo "2577"]
[BlackElo "2615"]
[WhiteTeam "Schachclub Viernheim 1934e.V."]
[BlackTeam "TAJFUN - SK Ljubljana"]
[WhiteFideId "14114089"]
[BlackFideId "921637"]
[EventDate "2022.10.03"]

1. d4 Nf6 2. c4 d6 3. Nc3 Nbd7 4. e4 e5 5. Nf3 g6 6. Be2 Bg7 7. O-O O-O 8. Be3
c6 9. Qc2 Ng4 10. Bg5 Bf6 11. Bxf6 Ngxf6 12. Rad1 Qe7 13. a3 Re8 14. Rfe1 b6 15.
b4 Bb7 16. Bf1 Rac8 17. Qb2 Nf8 18. c5 exd4 19. Rxd4 dxc5 20. bxc5 Ne6 21. Ra4
Nxc5 22. Rxa7 Nfd7 23. e5 Ra8 24. Rxa8 Rxa8 25. Re3 Ne6 26. Ne4 c5 27. Bc4 Bxe4
28. Rxe4 Ndf8 29. h4 h5 30. Re3 Ra4 31. Qb3 Qa7 32. Ng5 Nxg5 33. hxg5 Rxc4 34.
Qxc4 Ne6 35. Qb5 Qc7 36. Re1 Qa7 37. a4 Nxg5 38. Rd1 Ne6 39. Qe8+ 1-0

[Event "37th ECC Open 2022"]
[Site "Mayrhofen AUT"]
[Date "2022.10.07"]
[Round "5.4"]
[Board "2"]
[White "Tari, Aryan"]
[Black "Santos Latasa, Jaime"]
[Result "1-0"]
[WhiteTitle "GM"]
[BlackTitle "GM"]
[WhiteElo "2656"]
[BlackElo "2677"]
[WhiteTeam "Offerspill Chess Club"]
[BlackTeam "Silla - València Origin of Chess"]
[WhiteFideId "1510045"]
[BlackFideId "2293307"]
[EventDate "2022.10.03"]

1. e4 e6 2. d4 d5 3. e5 c5 4. c3 Nc6 5. Nf3 Qb6 6. a3 c4 7. Nbd2 Na5 8. h4 Bd7
9. Rb1 O-O-O 10. g3 Kb8 11. Bh3 h6 12. O-O Ne7 13. Re1 Qc7 14. h5 Nc8 15. Nh4
Be7 16. Ng2 Nb6 17. Nf1 a6 18. Qe2 Ka7 19. Kh1 Nb3 20. Be3 Qc8 21. Nh2 Rdf8 22.
Rf1 Qe8 23. Rbe1 Bd8 24. f4 Na5 25. f5 exf5 26. Bxf5 Nc6 27. Bxd7 Qxd7 28. Qg4
Qxg4 29. Nxg4 Kb8 30. Re2 Be7 31. Ref2 Nd8 32. Nh4 Bxh4 33. gxh4 Kc8 34. Bc1 Kd7
35. Ne3 Rh7 36. Nf5 Nc8 37. Rg1 Ne6 38. Rfg2 Ne7 39. Nxg7 b5 40. Kh2 a5 41. Kh3
a4 42. Rg4 Rfh8 43. Nxe6 fxe6 44. Rf1 Nf5 45. Rg6 Ke7 46. Rxf5 exf5 47. Bf4 Re8
48. Rb6 Kf7 49. Rxb5 Rg7 50. Bxh6 Rg1 51. Bg5 f4 52. Rb6 Rf8 53. e6+ Kg8 54. h6
Re8 55. Bxf4 Rg6 56. Rb7 Rgxe6 57. h7+ Kh8 58. Be5+ Rxe5 59. dxe5 Rxe5 60. Kg4
Re2 61. Kf5 Re1 62. Rf7 Re8 63. Kg6 Rb8 64. Rf6 Re8 65. Kh6 Rb8 66. Rg6 1-0

[Event "37th ECC Open 2022"]
[Site "Mayrhofen AUT"]
[Date "2022.10.07"]
[Round "5.4"]
[Board "4"]
[White "Christiansen, Johan-Sebastian"]
[Black "Alonso Rosell, Alvar"]
[Result "1/2-1/2"]
[WhiteTitle "GM"]
[BlackTitle "GM"]
[WhiteElo "2576"]
[BlackElo "2563"]
[WhiteTeam "Offerspill Chess Club"]
[BlackTeam "Silla - València Origin of Chess"]
[WhiteFideId "1512668"]
[BlackFideId "2270544"]
[EventDate "2022.10.03"]

1. e4 e5 2. Nf3 Nc6 3. Bc4 Bc5 4. c3 Nf6 5. d4 exd4 6. cxd4 Bb4+ 7. Nbd2 Bxd2+
8. Bxd2 Nxe4 9. d5 Ne7 10. Bb4 d6 11. O-O O-O 12. Re1 Nc5 13. Qd4 a5 14. Bc3 Nf5
15. Qf4 Bd7 16. b3 Ne7 17. Qd4 Nf5 18. Qf4 Ne7 19. Qd4 Nf5 20. Qf4 1/2-1/2

[Event "37th ECC Open 2022"]
[Site "Mayrhofen AUT"]
[Date "2022.10.07"]
[Round "5.4"]
[Board "5"]
[White "Forcen Esteban, Daniel"]
[Black "Urkedal, Frode Olav Olsen"]
[Result "1/2-1/2"]
[WhiteTitle "GM"]
[BlackTitle "GM"]
[WhiteElo "2566"]
[BlackElo "2523"]
[WhiteTeam "Silla - València Origin of Chess"]
[BlackTeam "Offerspill Chess Club"]
[WhiteFideId "2288230"]
[BlackFideId "1506102"]
[EventDate "2022.10.03"]

1. e4 e5 2. Nf3 Nc6 3. Bb5 Nf6 4. O-O Nxe4 5. Re1 Nd6 6. Nxe5 Be7 7. Bf1 Nxe5 8.
Rxe5 O-O 9. Nc3 Bf6 10. Re1 b6 11. d4 Bb7 12. Qg4 Re8 13. Bd2 Re6 14. Bd3 Qf8
15. Re3 Rxe3 16. Bxe3 Qe7 17. Re1 Re8 18. Re2 Qd8 19. Bf4 Rxe2 20. Nxe2 Qe7 21.
h3 g6 22. b3 h5 23. Qg3 Ne4 24. Qe3 d5 25. c4 dxc4 26. bxc4 Nd6 27. c5 bxc5 28.
dxc5 Ne4 29. c6 Bxc6 30. Qxa7 Nc5 31. Qa3 Nxd3 32. Qxd3 Qb4 33. Bd2 Qb7 34. Nf4
Be4 35. Qc4 Qc6 36. Qxc6 Bxc6 37. Ne2 Kf8 38. Bb4+ Ke8 39. f3 Kd7 40. Kf2 h4 41.
Bc5 Ke6 42. Nf4+ Ke5 43. Be3 Bb5 44. Ke1 Be7 45. Kd2 Bf1 46. Ke1 Bc4 47. a4 Bb4+
48. Kf2 Ba5 49. Ne2 Bb3 50. Bg5 Bxa4 51. Bxh4 Bb6+ 52. Ke1 Ba5+ 53. Kf2 c5 54.
Ke3 c4 55. f4+ Kd5 56. Bf6 Bb6+ 57. Kd2 Bc6 58. Be5 Ke6 59. Nd4+ Bxd4 60. Bxd4
Bxg2 61. h4 Kf5 62. Ke3 Bd5 63. Bc3 Kg4 64. Bf6 Be6 65. Bg5 Kf5 66. Bh6 f6 67.
Bg7 Bd7 68. Kd4 Bb5 69. Kc3 Ke6 70. Kd4 Kf7 71. Bh8 Ba6 1/2-1/2

[Event "37th ECC Open 2022"]
[Site "Mayrhofen AUT"]
[Date "2022.10.07"]
[Round "5.4"]
[Board "6"]
[White "Haldorsen, Benjamin"]
[Black "Bernadskiy, Vitaliy"]
[Result "0-1"]
[WhiteTitle "IM"]
[BlackTitle "GM"]
[WhiteElo "2449"]
[BlackElo "2570"]
[WhiteTeam "Offerspill Chess Club"]
[BlackTeam "Silla - València Origin of Chess"]
[WhiteFideId "1512633"]
[BlackFideId "14100371"]
[EventDate "2022.10.03"]

1. e4 e6 2. d4 d5 3. Nc3 Bb4 4. Ne2 Ne7 5. a3 Ba5 6. b4 Bb6 7. e5 a5 8. b5 Nf5
9. Na4 Ba7 10. c3 f6 11. exf6 Qxf6 12. Ng3 O-O 13. Nxf5 Qxf5 14. Be3 e5 15. Bd3
e4 16. Be2 Qg6 17. g4 Be6 18. h4 Nd7 19. h5 Qf7 20. g5 Qe7 21. Qb3 c5 22. b6
cxd4 23. cxd4 Bb8 24. h6 g6 25. Rh4 Bd6 26. Nc3 Rac8 27. Bg4 Rc4 28. Be2 Rc6 29.
Na4 Rcc8 30. Ra2 Rf7 31. Ra1 Rcf8 32. Bg4 Bg3 33. Bxe6 Qxe6 34. fxg3 Rf1+ 35.
Kd2 Rxa1 36. Rf4 Rxf4 37. Bxf4 Qc6 38. Ke2 Kf8 39. Nc5 Nxc5 40. dxc5 Qxc5 0-1

[Event "37th ECC Open 2022"]
[Site "Mayrhofen AUT"]
[Date "2022.10.07"]
[Round "5.5"]
[Board "1"]
[White "Heberla, Bartlomiej"]
[Black "Mamedov, Rauf"]
[Result "1/2-1/2"]
[WhiteTitle "GM"]
[BlackTitle "GM"]
[WhiteElo "2562"]
[BlackElo "2646"]
[WhiteTeam "Moravská Slavia Brno"]
[BlackTeam "Vugar Gashimov"]
[WhiteFideId "1115120"]
[BlackFideId "13401653"]
[EventDate "2022.10.03"]

1. d4 d5 2. c4 e6 3. Nc3 c5 4. cxd5 cxd4 5. Qa4+ Bd7 6. Qxd4 exd5 7. Nf3 Nf6 8.
e3 Nc6 9. Qd3 Bb4 10. Bd2 Bg4 11. Be2 O-O 12. O-O Qd7 13. Nd4 Bxe2 14. Ncxe2 Ne5
15. Qc2 Rac8 16. Qd1 Bxd2 17. Qxd2 Nc4 18. Qb4 a5 19. Qe1 Ne4 20. Nf3 Rc5 21.
Rc1 Rfc8 22. Rc2 b6 23. Nf4 Qd6 24. Nd3 R5c7 25. Nd4 Ne5 26. Rxc7 Qxc7 27. Nxe5
Qxe5 28. Qe2 g6 29. Rd1 Qf6 30. f3 Nc5 31. Nb5 Na4 32. Nd4 Qe5 33. Qd2 Re8 34.
Re1 Nc5 35. Nb5 h5 36. Re2 Rd8 37. Qd4 Qxd4 38. Nxd4 Re8 39. b3 Kf8 40. Kf1 Ke7
41. Rc2 Kd7 42. Ke2 Ne6 43. Kd3 Nc5+ 44. Kd2 Ne6 45. Nb5 Nc5 46. Ke2 Kc6 47.
Nd4+ Kd7 48. Kf2 Nd3+ 49. Ke2 Nf4+ 50. Kf2 Nd3+ 51. Ke2 Nf4+ 52. Kf2 Nd3+ 1/2-1/2

[Event "37th ECC Open 2022"]
[Site "Mayrhofen AUT"]
[Date "2022.10.07"]
[Round "5.5"]
[Board "2"]
[White "Shevchenko, Kirill"]
[Black "Neugebauer, Martin"]
[Result "1/2-1/2"]
[WhiteTitle "GM"]
[BlackTitle "IM"]
[WhiteElo "2645"]
[BlackElo "2517"]
[WhiteTeam "Vugar Gashimov"]
[BlackTeam "Moravská Slavia Brno"]
[WhiteFideId "14129574"]
[BlackFideId "14923432"]
[EventDate "2022.10.03"]

1. e4 c5 2. Nf3 d6 3. Nc3 a6 4. d4 cxd4 5. Nxd4 Nf6 6. f4 g6 7. e5 dxe5 8. fxe5
Nd5 9. Qf3 Nxc3 10. bxc3 Bg7 11. Bc4 O-O 12. O-O Kh8 13. Bxf7 Nd7 14. e6 Ne5 15.
Qe4 Nxf7 16. Rxf7 Rxf7 17. exf7 Qf8 18. Bg5 e5 19. Nf3 Qxf7 20. Nxe5 Qf5 21.
Qxf5 Bxf5 22. Nf7+ Kg8 23. Nh6+ Bxh6 24. Bxh6 Bxc2 25. Re1 Kf7 26. Bg5 Re8 27.
Rxe8 Kxe8 28. Kf2 Kd7 29. Ke3 Ke6 30. Kd4 Ba4 1/2-1/2

[Event "37th ECC Open 2022"]
[Site "Mayrhofen AUT"]
[Date "2022.10.07"]
[Round "5.5"]
[Board "3"]
[White "Polak, Tomas"]
[Black "Iskandarov, Misratdin"]
[Result "1/2-1/2"]
[WhiteTitle "GM"]
[BlackTitle "GM"]
[WhiteElo "2502"]
[BlackElo "2601"]
[WhiteTeam "Moravská Slavia Brno"]
[BlackTeam "Vugar Gashimov"]
[WhiteFideId "300560"]
[BlackFideId "13400312"]
[EventDate "2022.10.03"]

1. d4 Nf6 2. c4 g6 3. Nc3 d5 4. cxd5 Nxd5 5. e4 Nxc3 6. bxc3 Bg7 7. Nf3 c5 8.
Rb1 O-O 9. Be2 cxd4 10. cxd4 Qa5+ 11. Qd2 Qxd2+ 12. Bxd2 b6 13. O-O Bb7 14. d5
Rc8 15. Bb4 Kf8 16. d6 exd6 17. e5 Nd7 18. Bxd6+ Kg8 19. Rfe1 Nc5 20. Nd4 Ne4
21. Nb5 Nc3 22. Nxc3 Rxc3 23. a4 Be4 24. Rb4 Bf5 25. a5 bxa5 26. Ra4 Rac8 27. g4
Rc1 28. Rxc1 Rxc1+ 29. Kg2 Be6 30. Rxa5 Rc2 31. Bf3 Ra2 32. Rb5 h6 33. h4 Ra4
34. Kg3 Rc4 35. Ra5 Rc3 36. Kg2 Bf8 37. Rxa7 Bxd6 38. exd6 Rd3 39. Ra6 Kg7 40.
g5 hxg5 41. hxg5 Rd4 42. Rb6 f6 43. d7 Kf7 44. gxf6 Bxd7 45. Kg3 Be6 46. Bb7 g5
47. f3 Rf4 48. Be4 Rh4 49. Ra6 1/2-1/2

[Event "37th ECC Open 2022"]
[Site "Mayrhofen AUT"]
[Date "2022.10.07"]
[Round "5.5"]
[Board "4"]
[White "Asadli, Vugar"]
[Black "Kusa, Jakub"]
[Result "1/2-1/2"]
[WhiteTitle "GM"]
[BlackTitle "FM"]
[WhiteElo "2575"]
[BlackElo "2360"]
[WhiteTeam "Vugar Gashimov"]
[BlackTeam "Moravská Slavia Brno"]
[WhiteFideId "13405764"]
[BlackFideId "395595"]
[EventDate "2022.10.03"]

1. e4 e5 2. Nf3 Nc6 3. Bb5 a6 4. Ba4 Nf6 5. O-O Nxe4 6. d4 b5 7. Bb3 d5 8. dxe5
Be6 9. c3 Be7 10. Nbd2 O-O 11. Bc2 f5 12. exf6 Nxf6 13. Re1 Bg4 14. h3 Bh5 15.
Nf1 Bc5 16. Ng3 Bxf3 17. gxf3 Qd6 18. Kg2 Rae8 19. Rxe8 Rxe8 20. Bg5 Ne7 21. Qd2
c6 22. h4 Bb6 23. Rg1 Bc7 24. Kf1 Ng6 25. h5 Nxh5 26. Nxh5 Qh2 27. Ng3 Qh3+ 28.
Rg2 Bf4 29. Qd4 Bxg5 30. Bf5 Qh4 31. Bd7 Qxd4 32. cxd4 Rd8 33. Bxc6 Nf4 34. Rg1
Rc8 35. Ne2 Rxc6 36. Rxg5 Nxe2 37. Kxe2 Rc2+ 38. Ke3 Rxb2 39. Rxd5 Rxa2 40. Rd7
Kf8 41. d5 Ra4 42. d6 Rc4 43. Ra7 Ke8 44. Re7+ Kd8 45. Rxg7 Rc6 46. Rxh7 Rxd6
47. f4 Rb6 48. Kd3 b4 49. Kc2 a5 50. Kb3 Rc6 51. Ka4 Rc1 52. Ra7 Ra1+ 53. Kb3
Ra3+ 54. Kc4 b3 55. Kc3 a4 56. Kb2 Ra2+ 57. Kb1 Kc8 58. f5 Kb8 59. Ra5 Rxf2 60.
Rxa4 1/2-1/2

[Event "37th ECC Open 2022"]
[Site "Mayrhofen AUT"]
[Date "2022.10.07"]
[Round "5.5"]
[Board "5"]
[White "Roubalik, Jakub"]
[Black "Ahmadzada, Ahmad"]
[Result "1/2-1/2"]
[BlackTitle "IM"]
[WhiteElo "2372"]
[BlackElo "2488"]
[WhiteTeam "Moravská Slavia Brno"]
[BlackTeam "Vugar Gashimov"]
[WhiteFideId "322237"]
[BlackFideId "13413007"]
[EventDate "2022.10.03"]

1. d4 Nf6 2. c4 c5 3. d5 e6 4. Nc3 exd5 5. cxd5 d6 6. e4 g6 7. Bd3 Bg7 8. h3 O-O
9. Bg5 Re8 10. Nge2 h6 11. Be3 b6 12. O-O Ba6 13. Ng3 Bxd3 14. Qxd3 Nbd7 15. f4
a6 16. a4 Qc7 17. Rad1 Kh7 18. Qe2 Qb8 19. e5 dxe5 20. f5 e4 21. d6 Qb7 22. h4
h5 23. Bg5 e3 24. Qc2 Qc6 25. Nce2 Ne4 26. fxg6+ fxg6 27. Nxe4 Rxe4 28. Rf7 Rf8
29. Rxf8 Nxf8 30. Nc3 Bd4 31. Nxe4 e2+ 32. Rxd4 e1=Q+ 33. Kh2 Nd7 34. Nf6+ Nxf6
35. Bxf6 Qd7 36. Rd1 Qe3 37. Bg5 Qe5+ 38. Kh1 Kg7 39. b3 Kh7 40. Qd2 Kg7 41. Be7
b5 42. axb5 axb5 43. Rf1 c4 44. bxc4 bxc4 45. Qa2 Qd5 46. Qa1+ Kh7 47. Rf3 Qxf3
48. gxf3 Qh3+ 49. Kg1 Qg3+ 50. Kh1 1/2-1/2

[Event "37th ECC Open 2022"]
[Site "Mayrhofen AUT"]
[Date "2022.10.07"]
[Round "5.5"]
[Board "6"]
[White "Babazada, Khazar"]
[Black "Nemec, Jachym"]
[Result "1-0"]
[WhiteTitle "IM"]
[BlackTitle "FM"]
[WhiteElo "2463"]
[BlackElo "2345"]
[WhiteTeam "Vugar Gashimov"]
[BlackTeam "Moravská Slavia Brno"]
[WhiteFideId "13413554"]
[BlackFideId "23716525"]
[EventDate "2022.10.03"]

1. e4 c5 2. Nf3 Nc6 3. Bb5 g6 4. O-O Bg7 5. c3 Nf6 6. Re1 O-O 7. h3 a6 8. Bxc6
bxc6 9. Qa4 Qb6 10. Na3 Rb8 11. d3 d6 12. e5 Nd5 13. Qh4 Qd8 14. Nc4 Bf5 15. Ng5
h6 16. Ne4 dxe5 17. Bxh6 f6 18. Bxg7 Kxg7 19. Nxc5 Nf4 20. Qg3 Rh8 21. Nxe5 fxe5
22. Rxe5 Nh5 23. Qe3 Qd6 24. g4 1-0

[Event "37th ECC Open 2022"]
[Site "Mayrhofen AUT"]
[Date "2022.10.07"]
[Round "5.6"]
[Board "1"]
[White "Rodshtein, Maxim"]
[Black "Nemeth, Miklos1"]
[Result "1-0"]
[WhiteTitle "GM"]
[BlackTitle "IM"]
[WhiteElo "2602"]
[BlackElo "2459"]
[WhiteTeam "Beer Sheva Chess Club"]
[BlackTeam "SK Dunajska Streda "]
[WhiteFideId "2806851"]
[BlackFideId "720232"]
[EventDate "2022.10.03"]

1. d4 Nf6 2. c4 e6 3. Nf3 b6 4. g3 Bb4+ 5. Bd2 a5 6. Bg2 O-O 7. O-O Bb7 8. Bf4
Be7 9. Re1 d6 10. Nc3 Ne4 11. Nb5 c6 12. Nc3 Nxc3 13. bxc3 Nd7 14. e4 Qc7 15.
Rb1 Ba6 16. Bf1 Rfe8 17. e5 Red8 18. Bd3 Nf8 19. h4 d5 20. cxd5 cxd5 21. Bxa6
Rxa6 22. Qd3 Raa8 23. Rec1 Rdc8 24. Nd2 Qd8 25. Nf1 Rc6 26. Bd2 f5 27. exf6 Bxf6
28. Re1 Qe8 29. Ne3 Qh5 30. Ng2 Rac8 31. Nf4 Qf7 32. Qe2 Nd7 33. Qg4 e5 34. Nh5
exd4 35. cxd4 Rc4 36. Be3 Re8 37. Kg2 Re4 38. Nxf6+ Nxf6 39. Qf5 g6 40. Qf3 Qe6
41. Bh6 Nd7 42. Rbc1 b5 43. Rxc4 bxc4 44. Rb1 Qd6 45. Rb7 Re7 46. Rb5 Nf6 47.
Rxa5 Re8 48. Ra7 Qe6 49. a4 Ng4 50. Bf4 h5 51. a5 Rc8 52. Rb7 c3 53. a6 Qc6 54.
Bd6 Qe8 55. Qxd5+ Kh8 56. Re7 Qf8 57. Rf7 Qe8 58. Qb7 Qg8 59. Rh7+ 1-0

[Event "37th ECC Open 2022"]
[Site "Mayrhofen AUT"]
[Date "2022.10.07"]
[Round "5.6"]
[Board "2"]
[White "Bokros, Albert"]
[Black "Roiz, Michael"]
[Result "0-1"]
[WhiteTitle "IM"]
[BlackTitle "GM"]
[WhiteElo "2453"]
[BlackElo "2579"]
[WhiteTeam "SK Dunajska Streda "]
[BlackTeam "Beer Sheva Chess Club"]
[WhiteFideId "710458"]
[BlackFideId "2804158"]
[EventDate "2022.10.03"]

1. e4 c5 2. Nf3 d6 3. d4 cxd4 4. Nxd4 Nf6 5. Nc3 a6 6. f3 e5 7. Nb3 Be6 8. Be3
Be7 9. Qd2 O-O 10. O-O-O Nbd7 11. g4 b5 12. g5 Nh5 13. Nd5 Bxd5 14. exd5 f6 15.
Na5 fxg5 16. Nc6 Qe8 17. Bxg5 Bxg5 18. Qxg5 Qf7 19. Kb1 Kh8 20. Bd3 Nf4 21. Be4
Nf6 22. Qh4 Rac8 23. Rhg1 h6 24. Rg5 N4xd5 25. Rdg1 Rxc6 26. Rg6 Rcc8 27. Rxg7
Qxg7 28. Rxg7 Kxg7 29. Qg3+ Kf7 30. Qg6+ Ke7 31. Qxh6 Rg8 32. a3 Nf4 33. Bf5 Rc4
34. c3 a5 35. Qh4 Rg1+ 36. Ka2 Nd3 37. Qh8 Nc1+ 38. Kb1 Nb3+ 39. Ka2 Nc1+ 40.
Kb1 Nb3+ 41. Ka2 a4 42. Bb1 Nd5 43. Qh7+ Kd8 44. Qh3 Kc7 45. Qh7+ Kb6 46. Qh3
Rd1 47. Qd7 Nc1+ 48. Ka1 Nb3+ 49. Ka2 Nxc3+ 50. bxc3 Rd2+ 51. Bc2 Rxc2+ 52. Kb1
Rc1+ 53. Kb2 Rd1 54. Qd8+ Rc7 55. Qb8+ Rb7 56. Qd8+ Ka7 57. c4 bxc4 58. h4 Nd4+
59. Kc3 Rb3+ 60. Kxc4 d5+ 0-1

[Event "37th ECC Open 2022"]
[Site "Mayrhofen AUT"]
[Date "2022.10.07"]
[Round "5.6"]
[Board "3"]
[White "Postny, Evgeny"]
[Black "Varga, Zoltan"]
[Result "1-0"]
[WhiteTitle "GM"]
[BlackTitle "GM"]
[WhiteElo "2573"]
[BlackElo "2401"]
[WhiteTeam "Beer Sheva Chess Club"]
[BlackTeam "SK Dunajska Streda "]
[WhiteFideId "2804344"]
[BlackFideId "700509"]
[EventDate "2022.10.03"]

1. d4 d5 2. c4 c6 3. Nf3 dxc4 4. e3 Be6 5. Nbd2 Nf6 6. Nxc4 Bd5 7. Bd3 e6 8. O-O
c5 9. Nce5 Nc6 10. Nxf7 Kxf7 11. e4 Nxe4 12. Bxe4 Bxe4 13. Ng5+ Kg8 14. Nxe4
Nxd4 15. Be3 Qd5 16. Bxd4 cxd4 17. Qd3 Be7 18. f4 Rc8 19. Rae1 Rc6 20. Ng5 Bf6
21. Nf3 Qxa2 22. Ne5 Qd5 23. Nxc6 bxc6 24. Ra1 a5 25. b4 axb4 26. Ra8+ Bd8 27.
f5 e5 28. Qg3 Kf8 29. f6 g6 30. Qg5 1-0

[Event "37th ECC Open 2022"]
[Site "Mayrhofen AUT"]
[Date "2022.10.07"]
[Round "5.6"]
[Board "4"]
[White "Bagi, Mate"]
[Black "Steinberg, Nitzan"]
[Result "1/2-1/2"]
[WhiteTitle "IM"]
[BlackTitle "GM"]
[WhiteElo "2460"]
[BlackElo "2545"]
[WhiteTeam "SK Dunajska Streda "]
[BlackTeam "Beer Sheva Chess Club"]
[WhiteFideId "742570"]
[BlackFideId "2801795"]
[EventDate "2022.10.03"]

1. e4 c5 2. Nf3 Nc6 3. d4 cxd4 4. Nxd4 Nf6 5. Nc3 d6 6. Bg5 e6 7. Bb5 Bd7 8. Qd3
Be7 9. O-O-O O-O 10. f4 Rc8 11. Nxc6 bxc6 12. Ba4 d5 13. Rhe1 Rb8 14. f5 Kh8 15.
h3 a5 16. g4 dxe4 17. Nxe4 Nd5 18. Bxe7 Qxe7 19. c4 exf5 20. cxd5 fxe4 21. Rxe4
Qf6 22. Qc3 Qxc3+ 23. bxc3 cxd5 24. Rxd5 Be6 25. Rxa5 Bxa2 26. Bd7 Rfd8 27. Rxa2
Rxd7 28. Rd2 Rc7 29. Kc2 g6 30. Rf2 Kg7 1/2-1/2